[Event "10. Lichtenberger Sommer"]
[Site "Berlin"]
[Date "2011.08.16"]
[Round "4.53"]
[White "Lange, Rudolf"]
[Black "Klyszcz, Michael"]
[Result "0-1"]
[WhiteElo "1830"]
[BlackElo "2064"]
[PlyCount "82"]
[EventDate "2011.??.??"]
[WhiteTeam "SG Narva Berlin e.V."]
[BlackTeam "SG 1871 Löberitz"]

1. c4 e5 2. Nc3 Nf6 3. g3 Be7 4. Bg2 O-O 5. Nf3 d6 6. O-O Nbd7 7. d4 c6 8. Qc2
Qc7 9. b3 Re8 10. Bb2 Nf8 11. dxe5 dxe5 12. Ne4 Ng6 13. h4 h6 14. Nxf6+ Bxf6
15. Nd2 Be7 16. c5 Nf8 17. b4 Be6 18. Nc4 f6 19. a4 Rab8 20. Rfd1 Red8 21. Ne3
Rxd1+ 22. Rxd1 Rd8 23. Rxd8 Qxd8 24. Be4 Qd7 25. Bf5 Kf7 26. Bxe6+ Nxe6 27. h5
Bf8 28. Qg6+ Ke7 29. Qc2 Kd8 30. g4 Kc7 31. Nf5 Nf4 32. Bc1 Nd5 33. Bd2 b6 34.
e4 Ne7 35. b5 Nxf5 36. cxb6+ axb6 37. exf5 Bc5 38. bxc6 Qxc6 39. Qd3 Qxa4 40.
Qd5 Qxg4+ 41. Kf1 Qxf5 0-1

[Event "10. Lichtenberger Sommer"]
[Site "Berlin"]
[Date "2011.08.16"]
[Round "4.54"]
[White "Hoppensack, Manfred"]
[Black "Hesselbarth, Karlheinz"]
[Result "1-0"]
[WhiteElo "2058"]
[BlackElo "1789"]
[PlyCount "59"]
[EventDate "2011.??.??"]
[WhiteTeam "SC Friesen Lichtenberg e.V."]
[BlackTeam "SC Zugzwang 95 e.V."]

1. e4 e5 2. Nc3 Nf6 3. f4 d5 4. fxe5 Nxe4 5. Nf3 Nxc3 6. dxc3 Be7 7. Be2 O-O 8.
Be3 c5 9. Qd2 Nc6 10. O-O-O Be6 11. c4 d4 12. Bf4 Qb6 13. h4 a5 14. Ng5 a4 15.
Bd3 g6 16. a3 Na5 17. Qe2 Qa6 18. Nxe6 fxe6 19. Bh6 Rf7 20. h5 g5 21. Rdf1 Rf5
22. Qg4 Rxe5 23. Qf3 Rf5 24. Bxf5 exf5 25. Qxf5 Qxh6 26. Qf7+ Kh8 27. Qxe7 g4+
28. Kb1 Nxc4 29. Rf7 d3 30. cxd3 1-0

[Event "10. Lichtenberger Sommer"]
[Site "Berlin"]
[Date "2011.08.16"]
[Round "4.55"]
[White "Albinus, Guenter"]
[Black "Yin, Stanley"]
[Result "0-1"]
[WhiteElo "1825"]
[BlackElo "1990"]
[PlyCount "56"]
[EventDate "2011.??.??"]
[WhiteTeam "SG Weißensee 49 e.V."]
[BlackTeam "SC Caissa Schwarzenbach"]

1. Nf3 Nf6 2. b3 d5 3. Bb2 c5 4. e3 a6 5. Be2 Nc6 6. O-O Bf5 7. d3 h6 8. Nbd2
e6 9. d4 b5 10. c3 c4 11. a4 Bd6 12. b4 O-O 13. Re1 g5 14. Nf1 Nxb4 15. cxb4
Bxb4 16. Ba3 Bxa3 17. Rxa3 b4 18. Ra2 b3 19. Rb2 Rb8 20. Qc1 Qa5 21. Bxc4 dxc4
22. Qxc4 Rfc8 23. Qe2 Qxa4 24. N3d2 Bc2 25. Nxb3 Bxb3 26. Reb1 Rb5 27. Qf3 Kg7
28. e4 Bd1 0-1

[Event "10. Lichtenberger Sommer"]
[Site "Berlin"]
[Date "2011.08.16"]
[Round "4.56"]
[White "Schmidek, Emil"]
[Black "Tiemer, Klaus"]
[Result "0-1"]
[WhiteElo "1732"]
[BlackElo "1958"]
[PlyCount "52"]
[EventDate "2011.??.??"]
[WhiteTeam "TuS Makkabi Berlin e.V."]
[BlackTeam "TSG Oberschöneweide e.V."]

1. e4 Nf6 2. Nc3 e6 3. e5 Nd5 4. Nxd5 exd5 5. Qf3 c6 6. d4 d6 7. exd6 Bxd6 8.
Be2 O-O 9. Qd3 Qf6 10. Nf3 b6 11. O-O Na6 12. c3 Nc7 13. Ne1 Re8 14. Qf3 Qh4
15. h3 Re4 16. Qd3 Bf5 17. Bf3 Rae8 18. Bxe4 dxe4 19. Qd2 Nd5 20. Nc2 Re6 21.
Ne3 Bxh3 22. Nxd5 cxd5 23. g3 Bxg3 24. fxg3 Qxg3+ 25. Kh1 Bxf1 26. b3 Rg6 0-1

[Event "10. Lichtenberger Sommer"]
[Site "Berlin"]
[Date "2011.08.16"]
[Round "4.57"]
[White "Prix, Siegfried"]
[Black "Kuehnemund, Lutz"]
[Result "1/2-1/2"]
[WhiteElo "1782"]
[BlackElo "2081"]
[PlyCount "78"]
[EventDate "2011.??.??"]
[WhiteTeam "Sfrd. Berlin 1903 e.V."]
[BlackTeam "SC Friesen Lichtenberg e.V."]

1. d4 Nf6 2. c4 g6 3. Nc3 d5 4. Bf4 e6 5. e3 Bg7 6. Rc1 c6 7. Nf3 Nbd7 8. Bd3
O-O 9. O-O Nh5 10. Bd6 Re8 11. h3 dxc4 12. Be2 Nhf6 13. a4 a6 14. Qc2 b5 15.
Ba3 Bb7 16. Ne4 Nxe4 17. Qxe4 Nf6 18. Qc2 Nd5 19. Bc5 Nf6 20. Ne5 Nd7 21. Nxd7
Qxd7 22. b3 cxb3 23. Qxb3 Qd5 24. Qc2 Qd7 25. Bf3 a5 26. Rfd1 b4 27. Bb6 Rec8
28. Qb3 Ra6 29. Bc5 Bf8 30. Be2 Raa8 31. Bf3 Bg7 32. Bb6 Ra6 33. Bc5 Bf6 34.
Be2 Raa8 35. Bb6 Be7 36. Bc5 Bd8 37. Bf3 Ra6 38. Be2 Raa8 39. Bf3 Ra6 1/2-1/2

[Event "10. Lichtenberger Sommer"]
[Site "Berlin"]
[Date "2011.08.16"]
[Round "4.58"]
[White "Barwich, Andreas"]
[Black "Lieder, Guenter"]
[Result "1/2-1/2"]
[WhiteElo "1963"]
[BlackElo "1847"]
[PlyCount "95"]
[EventDate "2011.??.??"]
[WhiteTeam "SV Berolina Mitte e.V."]
[BlackTeam "SK Turm Bad Hersfeld"]

1. Nf3 c5 2. b3 Nc6 3. Bb2 d6 4. e3 Nf6 5. Bxf6 gxf6 6. Bb5 Bd7 7. c4 Bg7 8.
Nc3 a6 9. Bxc6 Bxc6 10. Qc2 Qd7 11. O-O-O b5 12. Nd5 Bxd5 13. cxd5 Rc8 14. Kb1
a5 15. Rc1 O-O 16. Qe4 b4 17. Rc4 a4 18. Rhc1 e6 19. Kc2 f5 20. Qd3 axb3+ 21.
axb3 Ra8 22. Kd1 Ra3 23. Ke2 Re8 24. h3 e5 25. e4 fxe4 26. Qxe4 f5 27. Qh4 Qe7
28. Rb1 Bf6 29. Qh5 e4 30. Ne1 f4 31. Qg4+ Kh8 32. Qxf4 Ra2 33. Nc2 Bg5 34. Qf5
Bf6 35. Ne3 Bd4 36. Qh5 Rf8 37. g4 Bxe3 38. fxe3 Qf6 39. Qf5 Qxf5 40. gxf5 Rxf5
41. Rxe4 Rxd5 42. Re7 Rdxd2+ 43. Kf3 Ra8 44. Ke4 Rh2 45. Kd5 Rd8 46. Rf1 Rxh3
47. Rff7 Rh6 48. Rc7 1/2-1/2

[Event "10. Lichtenberger Sommer"]
[Site "Berlin"]
[Date "2011.08.16"]
[Round "4.60"]
[White "Dittrich, Hans-Georg"]
[Black "Kapp, Stefan"]
[Result "0-1"]
[WhiteElo "1698"]
[BlackElo "1991"]
[PlyCount "52"]
[EventDate "2011.??.??"]
[WhiteTeam "SG Blau-Weiß Stadtilm"]
[BlackTeam "TSV IFA Chemnitz"]

1. e4 e6 2. d4 d5 3. Nd2 Nf6 4. e5 Nfd7 5. Bd3 c5 6. c3 Qb6 7. Ne2 Nc6 8. Nf3
cxd4 9. cxd4 Bb4+ 10. Bd2 Be7 11. Bc3 f6 12. exf6 Bxf6 13. Nf4 O-O 14. O-O Ndb8
15. Qd2 Kh8 16. Rae1 Nxd4 17. Bxd4 Bxd4 18. Nxd4 Qxd4 19. Nxe6 Bxe6 20. Rxe6
Nd7 21. Re7 Ne5 22. Qg5 Nxd3 23. Re3 Nxf2 24. Qg3 Ng4 25. Rxf8+ Rxf8 26. Qf3
Qxe3+ 0-1

[Event "10. Lichtenberger Sommer"]
[Site "Berlin"]
[Date "2011.08.16"]
[Round "4.61"]
[White "Koenig, Frank"]
[Black "Sube, Günter"]
[Result "1-0"]
[WhiteElo "1975"]
[BlackElo "1842"]
[PlyCount "81"]
[EventDate "2011.??.??"]
[WhiteTeam "BSG 1827 Eckbauer e.V."]
[BlackTeam "SV Bau-Union e.V."]

1. Nf3 Nf6 2. g3 b6 3. Bg2 Bb7 4. O-O d6 5. d3 Nbd7 6. e4 e5 7. Nc3 Be7 8. Nh4
g6 9. f4 Rb8 10. a4 Bc8 11. Nf3 a5 12. Rb1 exf4 13. Bxf4 Nh5 14. Be3 O-O 15.
Nd5 Ne5 16. Nd4 Bg5 17. Qd2 Bxe3+ 18. Qxe3 Be6 19. Nf4 Nxf4 20. gxf4 Ng4 21.
Qg3 Bd7 22. f5 Nf6 23. b3 Nh5 24. Qg4 Nf6 25. Qg5 Kg7 26. Rf3 h6 27. Qd2 g5 28.
Rbf1 c5 29. Ne2 Qe7 30. Rg3 Kh7 31. h4 gxh4 32. Rh3 Ng4 33. f6 Nxf6 34. Rxh4
Ng8 35. Qf4 Qe5 36. Qf3 Qg5 37. Rf4 f6 38. Ng3 Rf7 39. Kf2 Rbf8 40. Rh1 Bg4 41.
Rxg4 1-0

[Event "10. Lichtenberger Sommer"]
[Site "Berlin"]
[Date "2011.08.16"]
[Round "4.63"]
[White "Grassi, Fabrizio"]
[Black "Kretzschmar, Jan"]
[Result "1-0"]
[WhiteElo "1960"]
[BlackElo "1807"]
[PlyCount "40"]
[EventDate "2011.??.??"]
[WhiteTeam "SV Berlin-Friedrichstadt"]
[BlackTeam "SC Kreuzberg e.V."]

1. d4 Nf6 2. Bf4 b6 3. e3 Bb7 4. Nf3 e6 5. Bd3 Be7 6. h3 Nd5 7. Bg3 O-O 8. c4
Nb4 9. Be2 c5 10. a3 N4a6 11. d5 d6 12. Nc3 Nc7 13. O-O e5 14. e4 Bc8 15. Nd2
Bh4 16. Bg4 f5 17. exf5 Qe7 18. Qc2 h5 19. Bxh5 Bxf5 20. Nde4 Nd7 1-0

[Event "10. Lichtenberger Sommer"]
[Site "Berlin"]
[Date "2011.08.16"]
[Round "4.64"]
[White "Bandlow, Reinhard"]
[Black "Hülse, Max"]
[Result "0-1"]
[WhiteElo "2018"]
[BlackElo "1445"]
[PlyCount "80"]
[EventDate "2011.??.??"]
[WhiteTeam "SV Bau-Union e.V."]
[BlackTeam "Forster Schachclub 95"]

1. e4 d5 2. Nc3 dxe4 3. Nxe4 Bf5 4. Ng3 Bg6 5. d4 Nf6 6. Nf3 Nbd7 7. Bc4 e6 8.
c3 Bd6 9. Qe2 c6 10. Bg5 h6 11. Bd2 Qe7 12. O-O O-O 13. Rae1 Rfe8 14. Nh4 Bh7
15. Qf3 Qf8 16. b4 g5 17. Nh5 Nxh5 18. Qxh5 gxh4 19. Bxh6 Qe7 20. Qg4+ Bg6 21.
Rxe6 Nf6 22. Qg5 fxe6 23. Qxg6+ Kh8 24. Bg5 Rf8 25. Re1 Qg7 26. Qh6+ Qxh6 27.
Bxh6 Rfe8 28. Bg5 Nd5 29. Bxh4 Nxc3 30. Re3 Nd5 31. Rh3 Kg7 32. Bg5 Rh8 33. Rb3
Bxh2+ 34. Kf1 Bd6 35. g3 Raf8 36. Kg2 Rh5 37. f4 Rfh8 38. a4 Rh2+ 39. Kf3 Rc2
40. Kg4 Rxc4 0-1

[Event "10. Lichtenberger Sommer"]
[Site "Berlin"]
[Date "2011.08.16"]
[Round "4.66"]
[White "Gress, Alexander"]
[Black "Kujawa, Werner"]
[Result "1-0"]
[WhiteElo "2061"]
[BlackElo "1836"]
[PlyCount "83"]
[EventDate "2011.??.??"]
[WhiteTeam "SC Caissa Schwarzenbach"]
[BlackTeam "SV Motor Wildau e.V."]

1. e4 c5 2. Nf3 d6 3. d4 cxd4 4. Nxd4 Nf6 5. Nc3 a6 6. Bg5 Nbd7 7. f4 h6 8. Bh4
Qc7 9. Qf3 e6 10. O-O-O b5 11. a3 Bb7 12. Bd3 Be7 13. Rhe1 Rc8 14. Qh3 Nc5 15.
Kb1 O-O 16. g4 d5 17. Bxf6 Bxf6 18. e5 Be7 19. g5 Nxd3 20. Rxd3 hxg5 21. fxg5
Bxg5 22. Rg3 Qe7 23. Reg1 f6 24. Nxe6 Rxc3 25. Nxg5 fxg5 26. Rxc3 d4 27. Rcg3
Qxe5 28. Rxg5 Qf6 29. Rxg7+ Qxg7 30. Rxg7+ Kxg7 31. Qg4+ Kf6 32. Qf4+ Kg7 33.
Qxd4+ Kg8 34. Qg4+ Kh8 35. Qh5+ Kg7 36. Qg5+ Kf7 37. h4 Bc8 38. h5 Rh8 39. h6
Rg8 40. Qh5+ Kf8 41. h7 Rh8 42. Qg6 1-0

[Event "10. Lichtenberger Sommer"]
[Site "Berlin"]
[Date "2011.08.16"]
[Round "4.67"]
[White "Weichlein, Paul"]
[Black "Bieg, Pascal"]
[Result "1-0"]
[WhiteElo "1973"]
[BlackElo "1751"]
[PlyCount "75"]
[EventDate "2011.??.??"]
[WhiteTeam "SAbt TSV Haunstetten"]
[BlackTeam "SV Königsjäger Süd-West e.V."]

1. d4 Nf6 2. c4 g6 3. Nc3 Bg7 4. e4 d6 5. f3 O-O 6. Be3 b6 7. Qd2 c5 8. Nge2
Nc6 9. O-O-O Bb7 10. g4 a6 11. h4 e5 12. dxe5 dxe5 13. Nd5 Nxd5 14. cxd5 Nd4
15. Bg2 b5 16. Ng3 a5 17. h5 a4 18. Bh6 Qa5 19. Bxg7 Qxd2+ 20. Rxd2 Kxg7 21. g5
b4 22. h6+ Kh8 23. Ne2 Ba6 24. Nxd4 cxd4 25. f4 b3 26. a3 Rac8+ 27. Kb1 exf4
28. Bf1 Bc4 29. Rxd4 Bxf1 30. Rxf1 Rc2 31. Rxa4 Rfc8 32. Rb4 f3 33. Rxb3 f2 34.
Rf3 Re2 35. R3xf2 Rxe4 36. Rxf7 Kg8 37. Rg7+ Kh8 38. d6 1-0

[Event "10. Lichtenberger Sommer"]
[Site "Berlin"]
[Date "2011.08.16"]
[Round "4.68"]
[White "Yuan, Yizheng"]
[Black "Bullig, Reinhard"]
[Result "0-1"]
[WhiteElo "1889"]
[BlackElo "1730"]
[PlyCount "90"]
[EventDate "2011.??.??"]
[WhiteTeam "Schachpinguine Berlin e.V."]
[BlackTeam "Sfrd. Berlin 1903 e.V."]

1. e4 e5 2. Nf3 Nc6 3. Bb5 a6 4. Ba4 Nf6 5. O-O d6 6. c3 b5 7. Bc2 Be7 8. a4
Bb7 9. Qe2 b4 10. Rd1 O-O 11. d4 exd4 12. cxd4 Qc8 13. e5 dxe5 14. dxe5 Qe6 15.
Nbd2 Rad8 16. Bb3 Nd5 17. Nc4 Rd7 18. Ne3 Nf4 19. Qc2 Rxd1+ 20. Nxd1 Nd5 21.
Bf4 Na5 22. Bxd5 Bxd5 23. Ne3 c6 24. Nd4 Qd7 25. Nxd5 cxd5 26. Rc1 b3 27. Nxb3
Qxa4 28. Nxa5 Qxa5 29. Bd2 Qd8 30. Qc6 a5 31. Qb5 Qb8 32. Qxd5 Rd8 33. Qxa5
Qxb2 34. Rd1 Qc2 35. Qa1 Rxd2 36. Rc1 Qd3 37. h3 h6 38. Qa8+ Kh7 39. Rc7 Qb1+
40. Kh2 Qb4 41. Qf3 Kg8 42. Rc8+ Bd8 43. Qf5 Qe7 44. Rc6 Rd5 45. f4 Qd7 0-1

[Event "10. Lichtenberger Sommer"]
[Site "Berlin"]
[Date "2011.08.16"]
[Round "4.69"]
[White "Huebner, Alan-Ari"]
[Black "Schwarz, Oliver"]
[Result "1/2-1/2"]
[WhiteElo "1636"]
[BlackElo "1960"]
[PlyCount "64"]
[EventDate "2011.??.??"]
[WhiteTeam "TuS Makkabi Berlin e.V."]
[BlackTeam "SV Königsjäger Süd-West e.V."]

1. d4 d5 2. c4 e6 3. Nc3 c5 4. Nf3 Nc6 5. cxd5 exd5 6. g3 Nf6 7. Bg2 Be7 8. O-O
O-O 9. dxc5 Bxc5 10. Na4 Be7 11. Be3 Re8 12. Rc1 Bg4 13. Nd4 Qd7 14. Nc5 Bxc5
15. Rxc5 Nxd4 16. Qxd4 Bxe2 17. Re1 Bc4 18. b3 b6 19. Rxc4 dxc4 20. Qxd7 Nxd7
21. Bxa8 Rxa8 22. bxc4 Ne5 23. Rc1 Rc8 24. c5 Nd3 25. Rd1 Nxc5 26. Bxc5 bxc5
27. Kf1 Kf8 28. Rd7 a6 29. Ke2 Rc6 30. Rd5 c4 31. Kd2 c3+ 32. Kc2 Ke7 1/2-1/2

[Event "10. Lichtenberger Sommer"]
[Site "Berlin"]
[Date "2011.08.16"]
[Round "4.72"]
[White "Kuschfeldt, Karsten"]
[Black "Schwedek, Tony"]
[Result "1/2-1/2"]
[WhiteElo "1554"]
[BlackElo "1848"]
[PlyCount "101"]
[EventDate "2011.??.??"]
[WhiteTeam "SV Königsjäger Süd-West e.V."]
[BlackTeam "SC Zitadelle Spandau 1977 e.V."]

1. e4 c5 2. c3 d5 3. exd5 Qxd5 4. Nf3 Nf6 5. d4 Bg4 6. Be2 e6 7. O-O Nc6 8. Be3
cxd4 9. Nxd4 Bxe2 10. Nxe2 Be7 11. Qxd5 Nxd5 12. Nd2 Nxe3 13. fxe3 Ne5 14. Nf3
Ng4 15. Ned4 Nxe3 16. Rfe1 Nd5 17. Rad1 O-O 18. c4 Nf6 19. a3 Rac8 20. Ne5 Rfd8
21. b4 a5 22. Nc2 axb4 23. axb4 Kf8 24. c5 Nd5 25. Kh1 b6 26. c6 Nxb4 27. Rxd8+
Rxd8 28. Nxb4 Bxb4 29. Nd7+ Ke7 30. c7 Bxe1 31. cxd8=Q+ Kxd8 32. Nxb6 Ke7 33.
Nc4 Bc3 34. g4 e5 35. Ne3 Ke6 36. Kg2 Bd4 37. Nf5 g6 38. Ng3 f5 39. gxf5+ gxf5
40. Kf3 e4+ 41. Nxe4 Be5 42. Ng5+ Kf6 43. Nxh7+ Kg6 44. Nf8+ Kf7 45. Nd7 Bxh2
46. Nc5 Ke7 47. Nd3 Kd6 48. Nb4 Bg1 49. Nd3 Bb6 50. Nf4 Bd8 51. Nh5 1/2-1/2

[Event "10. Lichtenberger Sommer"]
[Site "Berlin"]
[Date "2011.08.16"]
[Round "4.73"]
[White "Voeller, Lothar"]
[Black "Hahne, Carsten"]
[Result "1/2-1/2"]
[WhiteElo "1662"]
[BlackElo "1818"]
[PlyCount "70"]
[EventDate "2011.??.??"]
[WhiteTeam "Freier Sportverein von 1898 Dort"]
[BlackTeam "vereinslos"]

1. e4 c6 2. d4 d5 3. Nc3 dxe4 4. f3 exf3 5. Nxf3 Nf6 6. Bc4 Bf5 7. O-O e6 8.
Ne5 Bg6 9. Ne2 Nbd7 10. Nxd7 Qxd7 11. c3 Nd5 12. Bxd5 cxd5 13. Nf4 Be4 14. Nd3
Bd6 15. Ne5 Bxe5 16. dxe5 Rc8 17. Qg4 Bg6 18. h4 Rc4 19. Rf4 Rxf4 20. Bxf4 h5
21. Qg3 Qb5 22. Qf2 b6 23. Rd1 O-O 24. Rd4 Rc8 25. Rb4 Qd3 26. Qf1 Qxf1+ 27.
Kxf1 Kf8 28. Ke2 Ke7 29. Be3 Kd7 30. Bd4 Kc6 31. c4 Kd7 32. cxd5 exd5 33. Ra4
Rc7 34. Ke3 Ke6 35. Bc3 Kd7 1/2-1/2

[Event "10. Lichtenberger Sommer"]
[Site "Berlin"]
[Date "2011.08.16"]
[Round "4.74"]
[White "Bandlow, Matthias"]
[Black "Poeltelt, Helmut"]
[Result "1/2-1/2"]
[WhiteElo "1988"]
[BlackElo "1716"]
[PlyCount "168"]
[EventDate "2011.??.??"]
[WhiteTeam "SC Borussia Friedrichsfelde 1920"]
[BlackTeam "SC Eintracht Berlin e.V."]

1. d4 Nf6 2. c4 g6 3. Nf3 Bg7 4. e3 d5 5. Nc3 O-O 6. b3 c5 7. Bb2 Bg4 8. Be2
Nc6 9. cxd5 Nxd5 10. Nxd5 Qxd5 11. h3 Bf5 12. O-O cxd4 13. Bxd4 Nxd4 14. Nxd4
Bxd4 15. Bf3 Be4 16. Bxe4 Qxe4 17. exd4 e6 18. Re1 Qd5 19. Qg4 Rfd8 20. Rad1
Qa5 21. Re2 Rd5 22. b4 Qxb4 23. Rxe6 Rad8 24. Re3 Rxd4 25. Rxd4 Qxd4 26. Qg5
Kg7 27. a3 Qf6 28. Qg4 Rd4 29. Qe2 Rf4 30. Qd2 Rd4 31. Qc2 b6 32. Re8 Rd8 33.
Re3 Qd6 34. Qe4 Rc8 35. Qb1 Qf6 36. Rf3 Qd4 37. Qb3 Rc1+ 38. Kh2 Qe5+ 39. g3
Rc7 40. h4 h5 41. Re3 Qa1 42. Qd5 Rc1 43. Re7 Qf6 44. Re2 Rc5 45. Qd7 a5 46.
Rd2 Rc3 47. a4 Rc6 48. Kg2 Rc3 49. Kh2 Qe5 50. Qd8 Qf6 51. Qd7 Rc1 52. Qd5 Qc6
53. Qe5+ Kh7 54. Rd5 Rc5 55. Rxc5 Qxc5 56. Qf4 Kg7 57. Kg2 Qc6+ 58. Kh2 Qf6 59.
Qe3 Qd6 60. Qc3+ Kh7 61. Qb3 Qe6 62. Qf3 Qf5 63. Qe2 Qd7 64. Qc4 Kg8 65. Qf4
Qd8 66. Qe5 Qf8 67. Kg1 Qc5 68. Qe8+ Kg7 69. Kg2 Qd5+ 70. Kg1 Qe6 71. Qb5 Qe1+
72. Kg2 Qe4+ 73. Kg1 Qb4 74. Qe8 Qd6 75. Qb5 Kf6 76. Qe8 Qe6 77. Qb5 Ke7 78.
Qg5+ Kd7 79. Qb5+ Kc7 80. Kh2 Kb7 81. Qd3 Qc6 82. Qb3 Qf6 83. Qe3 Qe6 84. Qf3+
Ka7 1/2-1/2

[Event "10. Lichtenberger Sommer"]
[Site "Berlin"]
[Date "2011.08.16"]
[Round "4.75"]
[White "Engers, Felix"]
[Black "Junge, Wolfgang"]
[Result "0-1"]
[WhiteElo "1536"]
[BlackElo "1776"]
[PlyCount "144"]
[EventDate "2011.??.??"]
[WhiteTeam "SC Zitadelle Spandau 1977 e.V."]
[BlackTeam "SC Friesen Lichtenberg e.V."]

1. e4 e5 2. Nf3 Nf6 3. Nc3 Bb4 4. d3 d6 5. Bd2 O-O 6. a3 Ba5 7. g3 a6 8. Bg2
Re8 9. O-O Nbd7 10. Qe2 Nf8 11. Nh4 Bb6 12. Kh1 Ne6 13. f4 exf4 14. gxf4 Nd4
15. Qd1 Nxe4 16. dxe4 Qxh4 17. Be3 Nf5 18. Bxb6 Ng3+ 19. Kg1 Nxf1 20. Bf2 Qxh2+
21. Kxf1 Qxf4 22. Nd5 Qh2 23. Nxc7 Bh3 24. Qf3 Qh1+ 25. Bg1 Bxg2+ 26. Qxg2
Qxg2+ 27. Kxg2 Rac8 28. Nxe8 Rxe8 29. Kf3 Kf8 30. Bd4 f6 31. Rh1 h6 32. Kf4 Kf7
33. Rh5 Rc8 34. Bc3 g5+ 35. Kf5 Rc5+ 36. e5 Kg7 37. Bd4 Rd5 38. Ke4 Rxd4+ 39.
Kxd4 dxe5+ 40. Kd5 Kg6 41. Rh1 h5 42. c4 g4 43. b4 Kg5 44. a4 g3 45. b5 axb5
46. axb5 h4 47. c5 g2 48. Rg1 h3 49. c6 bxc6+ 50. bxc6 Kf4 51. c7 h2 52. Rxg2
h1=Q 53. c8=Q Qxg2+ 54. Kd6 e4 55. Qc4 f5 56. Kc5 Qf2+ 57. Kb4 Qd2+ 58. Kc5 Qd3
59. Qb4 Kf3 60. Qb7 f4 61. Qh7 Qc3+ 62. Kd5 Qa5+ 63. Kd4 Qb4+ 64. Ke5 Qc5+ 65.
Kf6 Ke3 66. Qg8 f3 67. Qg1+ f2 68. Qg3+ Ke2 69. Qg4+ Kd3 70. Qd1+ Ke3 71. Qb3+
Kf4 72. Qb8+ Kg4 0-1

[Event "10. Lichtenberger Sommer"]
[Site "Berlin"]
[Date "2011.08.16"]
[Round "4.76"]
[White "Kapp, Frank"]
[Black "Ollek, Karl-Heinz"]
[Result "1-0"]
[WhiteElo "1894"]
[BlackElo "1803"]
[PlyCount "85"]
[EventDate "2011.??.??"]
[WhiteTeam "TSV IFA Chemnitz"]
[BlackTeam "SC Friesen Lichtenberg e.V."]

1. d4 e6 2. c4 f5 3. g3 Nf6 4. Bg2 c6 5. Nf3 g6 6. Nc3 Bg7 7. Qb3 Qb6 8. Bf4
Qxb3 9. axb3 Na6 10. Bd6 Ne4 11. Nxe4 fxe4 12. Ne5 Bxe5 13. dxe5 b6 14. Bxe4
Nc5 15. Bc2 Nb7 16. O-O-O a5 17. f4 Nxd6 18. Rxd6 Ra7 19. Rhd1 Ke7 20. Be4 Rf8
21. h4 Ba6 22. Bd3 b5 23. c5 Rc7 24. Kc2 Ra8 25. b4 axb4 26. Ra1 Rca7 27. Kb3
Bb7 28. Rxa7 Rxa7 29. Bc2 Bc8 30. Rd1 Kf7 31. Kxb4 h5 32. Bb3 Kg7 33. Rg1 Ra8
34. Bc2 Ra2 35. Bb3 Rxb2 36. Rg2 Rd2 37. Ka5 Rb2 38. Kb4 Rd2 39. Kc3 Rd5 40.
Bxd5 exd5 41. e3 b4+ 42. Kxb4 Ba6 43. Ra2 1-0

[Event "10. Lichtenberger Sommer"]
[Site "Berlin"]
[Date "2011.08.16"]
[Round "4.78"]
[White "Kornijenko, Alexander"]
[Black "Pichler, Gerhard"]
[Result "0-1"]
[WhiteElo "1648"]
[BlackElo "1818"]
[PlyCount "100"]
[EventDate "2011.??.??"]
[WhiteTeam "vereinslos"]
[BlackTeam "Polizeisportverein Tirol"]

1. e4 c5 2. Nf3 e6 3. d4 cxd4 4. Nxd4 a6 5. c4 Nc6 6. Be3 Nf6 7. Nc3 d6 8. Be2
Be7 9. O-O O-O 10. Rc1 Qc7 11. a3 Ne5 12. f4 Ned7 13. Qd2 Nc5 14. Qc2 e5 15.
Nf3 Ng4 16. Nd5 Qd8 17. Bxc5 dxc5 18. h3 Nf6 19. fxe5 Nd7 20. Rcd1 Bg5 21. Nxg5
Qxg5 22. Rf5 Qd8 23. Rdf1 Nb6 24. R5f4 Be6 25. R1f3 Nd7 26. Rd3 Qg5 27. h4 Qh6
28. Qd2 Nxe5 29. Rg3 Ng6 30. Rgf3 Bxd5 31. exd5 Nxf4 32. Rxf4 Rae8 33. g3 Re4
34. Bd3 Rxf4 35. Qxf4 Qxf4 36. gxf4 Rd8 37. Kf2 Rd6 38. b3 g6 39. Be2 a5 40. h5
Kg7 41. hxg6 fxg6 42. Kg3 Kf6 43. Bg4 h6 44. Kh4 g5+ 45. fxg5+ hxg5+ 46. Kh5
Rb6 47. Bd1 Kf5 48. Bg4+ Kf4 49. Bd1 Rf6 50. Bc2 g4 0-1

[Event "10. Lichtenberger Sommer"]
[Site "Berlin"]
[Date "2011.08.16"]
[Round "4.79"]
[White "Bergmann, Jens"]
[Black "Reichert, Lutz"]
[Result "1-0"]
[WhiteElo "1952"]
[BlackElo "1757"]
[PlyCount "73"]
[EventDate "2011.??.??"]
[WhiteTeam "SK Tempelhof 1931 e.V."]
[BlackTeam "Schwarz-Weiß Neukölln e.V."]

1. d4 d6 2. c4 e5 3. dxe5 dxe5 4. Qxd8+ Kxd8 5. Nf3 f6 6. e4 c6 7. a3 Be6 8.
Nc3 Nd7 9. b4 Nh6 10. h3 Nf7 11. Be3 Bd6 12. Be2 Ke7 13. g4 g5 14. Nd2 a5 15.
c5 Bc7 16. O-O h5 17. Kg2 hxg4 18. hxg4 b6 19. cxb6 Bxb6 20. Bxb6 Nxb6 21. bxa5
Rxa5 22. Rfb1 Nd7 23. Rb7 Rha8 24. a4 Rc5 25. Rc1 Rxa4 26. Nd5+ Kd6 27. Nc3 Ra3
28. Ndb1 Ra8 29. f3 Nd8 30. Rb2 Rb8 31. Rd2+ Kc7 32. Rh1 Ba2 33. Nxa2 Ne6 34.
Nac3 Nf4+ 35. Kf2 Ra8 36. Bd1 Ra1 37. Rh7 1-0

[Event "10. Lichtenberger Sommer"]
[Site "Berlin"]
[Date "2011.08.16"]
[Round "4.80"]
[White "Llacer Bosbach, Ana"]
[Black "Pouydesseau, Mathieu"]
[Result "0-1"]
[WhiteElo "1526"]
[BlackElo "1774"]
[PlyCount "98"]
[EventDate "2011.??.??"]
[WhiteTeam "CIM Benimaclet Valencia"]
[BlackTeam "SV Berlin-Friedrichstadt"]

1. e4 c5 2. Nf3 e6 3. d4 cxd4 4. Nxd4 a6 5. Nc3 Nc6 6. Be3 Qc7 7. Be2 Nf6 8. h3
Bb4 9. Bd3 Qe5 10. Nde2 Nxe4 11. Bxe4 Qxe4 12. O-O Qh4 13. a3 Be7 14. Nd4 Nxd4
15. Bxd4 O-O 16. Ne2 Bf6 17. Bc3 Bxc3 18. Nxc3 d5 19. Qf3 Bd7 20. Qg3 Qxg3 21.
fxg3 Rac8 22. Rf2 Rc4 23. Rc1 Rfc8 24. Na2 Ba4 25. Nc3 f6 26. Nxa4 Rxa4 27. c3
Kf7 28. Rcc2 Rac4 29. Rcd2 b5 30. Kf1 Re4 31. Rf3 a5 32. Kf2 Rb8 33. Rf4 Rc4
34. Rxc4 bxc4 35. Ke3 Ke7 36. g4 Kd6 37. Kf4 g5+ 38. Kg3 e5 39. Kf3 Rb3 40. Ke3
Ke6 41. g3 d4+ 42. Ke4 dxc3 43. bxc3 Rxc3 44. h4 Rxg3 45. hxg5 Rxg4+ 46. Kf3
Rxg5 47. Rb2 Kd5 48. Rb5+ Kd4 49. Rxa5 e4+ 0-1

[Event "10. Lichtenberger Sommer"]
[Site "Berlin"]
[Date "2011.08.16"]
[Round "4.81"]
[White "Schueler, Wolfgang"]
[Black "Huelse, Hagen"]
[Result "1-0"]
[WhiteElo "1939"]
[BlackElo "1702"]
[PlyCount "72"]
[EventDate "2011.??.??"]
[WhiteTeam "SC Friesen Lichtenberg e.V."]
[BlackTeam "Forster Schachclub 95"]

1. e4 d5 2. exd5 Qxd5 3. Nc3 Qa5 4. Bc4 c6 5. Nge2 Bg4 6. d3 Nf6 7. Bd2 Qc7 8.
h3 Bh5 9. Be3 e6 10. Qd2 Bb4 11. a3 Bd6 12. Nf4 Bxf4 13. Bxf4 Qb6 14. O-O Nbd7
15. b4 O-O 16. Rfe1 Nd5 17. Bd6 Rfe8 18. Ne4 Qd8 19. Bg3 Qb6 20. Ba2 Bg6 21. c4
Bxe4 22. dxe4 N5f6 23. e5 Nh5 24. Bh4 g6 25. Qxd7 h6 26. Qd3 Rad8 27. Bxd8 Rxd8
28. Qe3 Qxe3 29. Rxe3 Rd2 30. c5 Nf4 31. Bb3 Kf8 32. Rd1 Rxd1+ 33. Bxd1 Nd5 34.
Rf3 a6 35. Bb3 Ke7 36. Bxd5 exd5 1-0

[Event "10. Lichtenberger Sommer"]
[Site "Berlin"]
[Date "2011.08.16"]
[Round "4.82"]
[White "Theilig, Reinhard"]
[Black "Rehder, Frank"]
[Result "1/2-1/2"]
[WhiteElo "1701"]
[BlackElo "1947"]
[PlyCount "45"]
[EventDate "2011.??.??"]
[WhiteTeam "VfB Hermsdorf e.V."]
[BlackTeam "SC Zugzwang 95 e.V."]

1. Nf3 Nf6 2. c4 d6 3. g3 g6 4. Bg2 Bg7 5. d3 e5 6. Nbd2 O-O 7. Rb1 a5 8. b3
Nc6 9. a3 Nh5 10. O-O f5 11. Re1 h6 12. Nh4 Qe8 13. e4 f4 14. Nf1 Kh7 15. g4
Nf6 16. h3 Bd7 17. Nf3 Rb8 18. N1d2 Qe7 19. Rb2 Be6 20. Nb1 Nd7 21. Nc3 Qd8 22.
Rb1 Na7 23. Bb2 1/2-1/2

[Event "10. Lichtenberger Sommer"]
[Site "Berlin"]
[Date "2011.08.16"]
[Round "4.83"]
[White "Muehlhan, Klaus"]
[Black "Schulz, Hartmut"]
[Result "1/2-1/2"]
[WhiteElo "1986"]
[BlackElo "2098"]
[PlyCount "23"]
[EventDate "2011.??.??"]
[WhiteTeam "SC Empor Potsdam 1952 e.V."]
[BlackTeam "SC Rotation Pankow e.V."]

1. e4 c6 2. d4 d5 3. exd5 cxd5 4. Bd3 Nf6 5. Ne2 Nc6 6. c3 Bg4 7. h3 Bxe2 8.
Qxe2 e6 9. O-O Bd6 10. Bg5 h6 11. Bh4 Be7 12. Nd2 1/2-1/2